| 000 | 00720nam a2200193Ia 4500 | ||
|---|---|---|---|
| 008 | 151121s9999||||xx |||||||||||||| ||und|| | ||
| 082 | _a833/भ्रमर | ||
| 082 | _bHNW-28464 | ||
| 100 | _aभ्रमर राजकुमार | ||
| 245 | _aकच्ची -पक्की दीवारें | ||
| 260 | _b"नॅशनल पब्लिशिंग हाऊस, न। दिल्ली" | ||
| 260 | _c-- | ||
| 300 | _a447 | ||
| 600 | _aभ्रमर राजकुमार | ||
| 630 | _aकच्ची -पक्की दीवारें | ||
| 700 | _aभ्रमर राजकुमार | ||
| 730 | _aकच्ची -पक्की दीवारें | ||
| 942 | _cBOOK | ||
| 999 |
_c1223925 _d1223922 |
||